Cartas desconocidas de Rubén Darío: 1882-1916
Guardat en:
| Autors principals: | , |
|---|---|
| Format: | Llibre |
| Idioma: | espanyol |
| Publicat: |
Managua
Fundación Vida
2002
|
| Edició: | 2a. ed |
| Col·lecció: | Colección Cultural de Centro América, Serie Literaria, 10B
|
| Matèries: | |
| Etiquetes: |
Afegir etiqueta
Sense etiquetes, Sigues el primer a etiquetar aquest registre!
|
MARC
| LEADER | 00000nam a2200000 a 4500 | ||
|---|---|---|---|
| 001 | UCG2329 | ||
| 003 | CL-VaPUC | ||
| 008 | 100708e20020000NQ |||||||||||||||||spa|d | ||
| 020 | |a 9992460008 | ||
| 082 | 0 | 4 | |a 808 |b JIR |2 21 |
| 100 | 0 | |a Jirón Terán, José |e author |9 550795 | |
| 700 | 0 | |a Arellano, Jorge Eduardo |e author |9 550796 | |
| 245 | 1 | 0 | |a Cartas desconocidas de Rubén Darío: 1882-1916 |
| 250 | |a 2a. ed | ||
| 300 | |a 447 p | ||
| 942 | |c BK | ||
| 945 | |d 20100708 00:00:00 |a cmena | ||
| 260 | |a Managua |b Fundación Vida |c 2002 | ||
| 600 | 0 | 7 | |a DARIO, RUBEN, 1867-1916 |2 CL-VaPUC |9 550797 |
| 650 | 0 | |a Correspondencia |9 258963 | |
| 650 | 7 | |a ESCRITORES NICARAGUENSES |2 CL-VaPUC |9 550798 | |
| 583 | |a last modification |c 20100708 00:00:00 |k Rodrigo Vera | ||
| 490 | 0 | |a Colección Cultural de Centro América, Serie Literaria, 10B | |
| 999 | |c 341545 |d 341543 | ||
| 952 | |0 0 |1 0 |4 0 |6 808_000000000000000_JIR_2002 |7 0 |8 C |9 437137 |a BIBCUR |b BIBCUR |d 2019-11-22 |i 4693019 |o 808 JIR 2002 |p 4693019 |r 2025-04-22 |w 2019-11-22 |y BK |k CAC | ||